000 00387nam a2200169Ia 4500
003 OSt
005 20240405110149.0
008 230312s9999||||xx |||||||||||||| ||und||
040 _bEnglish
082 _a330
_bPAK
245 0 _aEconomic Survey 2002-03
260 _bGovernment of Pakistan
_aIslamabad
_c2003
300 _a157
546 _aEng.
650 _aEconomics
942 _cBK
_2ddc
999 _c2561
_d2561